| 000 | 01420cam a22003977a 4500 | ||
|---|---|---|---|
| 003 | CHAP | ||
| 005 | 20220329141250.0 | ||
| 008 | 971010s1978 r 00010 d | ||
| 010 | _a65418 | ||
| 011 | _a66390 | ||
| 035 | _a74501 | ||
| 040 | _cCHAP | ||
| 090 | _aTesis | ||
| 100 | 0 | 0 |
_aMorales Raya, Abel. _978397 |
| 245 | 1 | 3 | _aEl transporte frigorífico de los productos perecederos en México; características, problemas y perspectivas |
| 260 |
_aChapingo, Méx. : _bEl autor, _c1978 |
||
| 300 | _a139 h. ilus. | ||
| 502 | _aTesis (Ing. Agr. Esp. en Industrias Agrícolas) -- ENA. Departamento de Industrias Agrícolas | ||
| 590 |
_aALEPH _b10 _c20130110 _lUCH01 _h1356 |
||
| 590 |
_aBATCH-UPD _b10 _c20130110 _lUCH01 _h0805 |
||
| 590 |
_aBATCH-UPD _b10 _c20130410 _lUCH01 _h0443 |
||
| 590 |
_aBATCH-UPD _b10 _c20130914 _lUCH01 _h1437 |
||
| 590 |
_aCONVERSION _b10 _c20130109 _lUCH01 _h1336 |
||
| 650 | 1 | 4 |
_aAlimentos congelados. _94302 |
| 650 | 1 | 4 |
_aFrigoríficos. _943317 |
| 650 | 1 | 4 |
_aProductos agrícolas _xTransporte. _992035 |
| 901 | _aBK | ||
| 942 | _cTESIS | ||
| 949 |
_bBC _cTES _d-148215 _eTS1 _i74501 _si |
||
| 949 |
_bIA _cTES _d-65366 _eTS2 _fc.2 _i74501 _si |
||
| 949 |
_bIA _cTES _d-65367 _eTS2 _fc.3 _i74501 _si |
||
| 949 |
_bIA _cTES _d-65368 _eTS2 _fc.4 _i74501 _si |
||
| 949 |
_bIA _cTES _d-65369 _eTS2 _fc.5 _i74501 _si |
||
| 949 |
_bIA _cTES _d-7371 _eTS1 _i74501 _si |
||
| 949 |
_bZA _cTESBD _d-8850 _eTS1 _h228 _i74501 _si |
||
| 999 |
_c65418 _d65418 |
||